Friedrich als Bauherr : Studien zur Architektur des 18. Jahrhunderts in Berlin und Potsdam

Saved in:
Bibliographic Details
Main Author: Giersberg, Hans-Joachim (Author)
Document Type: Book
Language:German
Published: [München] : [Orbis-Verl.] , 2001
Berlin : Siedler , 2001
Edition:Sonderausg., unveränd. Nachdr.
Subjects:
Online Access:Inhaltsverzeichnis
Rezension
Rezension
Related Items:Rezensiert in: [Rezension von: Hans-Joachim Giersberg, Friedrich als Bauherr]
Author Notes:Hans-Joachim Giersberg
LEADER 06378cam a2201117 c 4500
001 334389887
003 DE-627
005 20250612000101.0
007 tu
008 010926s2001 gw ||||| 00| ||ger c
015 |a 01,A41,1109  |2 dnb 
016 7 |a 962370533  |2 DE-101 
020 |a 3572012392  |q Pp. : DM 29.90 (freier Pr.)  |9 3-572-01239-2 
035 |a (DE-627)334389887 
035 |a (DE-576)099843404 
035 |a (DE-599)DNB962370533 
035 |a (OCoLC)76302232 
040 |a DE-627  |b ger  |c DE-627  |e rakwb 
041 |a ger 
044 |c XA-DE 
084 |a 45  |a 63  |2 sdnb 
084 |a 63  |a 45  |2 sdnb 
084 |a LK 16678  |2 rvk  |0 (DE-625)rvk/97619:13309 
084 |a LK 79290  |2 rvk  |0 (DE-625)rvk/98248: 
084 |a LK 79803  |2 rvk  |0 (DE-625)rvk/98297:157 
084 |a LK 80825  |2 rvk  |0 (DE-625)rvk/98360:7 
084 |a NN 6530  |2 rvk  |0 (DE-625)rvk/127035: 
084 |a ZH 4732  |2 rvk  |0 (DE-625)rvk/156154: 
084 |a ZH 4917  |2 rvk  |0 (DE-625)rvk/156167:1568 
100 1 |a Giersberg, Hans-Joachim  |d 1938-2014  |0 (DE-588)120120216  |0 (DE-627)224482890  |0 (DE-576)16407581X  |4 aut 
245 1 0 |a Friedrich als Bauherr  |b Studien zur Architektur des 18. Jahrhunderts in Berlin und Potsdam  |c Hans-Joachim Giersberg 
250 |a Sonderausg., unveränd. Nachdr. 
263 |a Pp. : DM 29.90 (freier Pr.) 
264 1 |a [München]  |b [Orbis-Verl.]  |c 2001 
264 1 |a Berlin  |b Siedler  |c 2001 
300 |a 341 S  |b Ill., graph. Darst  |c 24 cm 
336 |a Text  |b txt  |2 rdacontent 
337 |a ohne Hilfsmittel zu benutzen  |b n  |2 rdamedia 
338 |a Band  |b nc  |2 rdacarrier 
500 |a Lizenz des Siedler-Verl., Berlin 
500 |a Literaturverz. S. 326 - 335 
500 |a Verl. auf der Haupttitels.: Siedler-Verl., Berlin. - Lizenz des Siedler-Verl., Berlin. - Literaturverz. S. 326 - 335 
583 1 |a Archivierung prüfen  |c 20200919  |f DE-640  |z 1  |2 pdager 
689 0 0 |d p  |0 (DE-588)118535749  |0 (DE-627)133880583  |0 (DE-576)161017142  |a Friedrich  |b II.  |c Preußen, König  |d 1712-1786  |2 gnd 
689 0 1 |d s  |0 (DE-588)4002851-3  |0 (DE-627)104280352  |0 (DE-576)208848975  |a Architektur  |2 gnd 
689 0 |5 DE-101 
689 1 0 |d g  |0 (DE-588)4005728-8  |0 (DE-627)10482638X  |0 (DE-576)208862560  |a Berlin  |2 gnd 
689 1 1 |d s  |0 (DE-588)4002851-3  |0 (DE-627)104280352  |0 (DE-576)208848975  |a Architektur  |2 gnd 
689 1 2 |a z  |2 gnd  |a Geschichte 1740-1789 
689 1 |5 DE-101 
689 2 0 |d g  |0 (DE-588)4046948-7  |0 (DE-627)106196332  |0 (DE-576)209071575  |a Potsdam  |2 gnd 
689 2 1 |d s  |0 (DE-588)4002851-3  |0 (DE-627)104280352  |0 (DE-576)208848975  |a Architektur  |2 gnd 
689 2 2 |a z  |2 gnd  |a Geschichte 1744-1777 
689 2 |5 DE-101 
689 3 0 |d p  |0 (DE-588)118535749  |0 (DE-627)133880583  |0 (DE-576)161017142  |a Friedrich  |b II.  |c Preußen, König  |d 1712-1786  |2 gnd 
689 3 1 |d s  |0 (DE-588)4002851-3  |0 (DE-627)104280352  |0 (DE-576)208848975  |a Architektur  |2 gnd 
689 3 |5 (DE-627) 
689 4 0 |d g  |0 (DE-588)4005728-8  |0 (DE-627)10482638X  |0 (DE-576)208862560  |a Berlin  |2 gnd 
689 4 1 |d s  |0 (DE-588)4002851-3  |0 (DE-627)104280352  |0 (DE-576)208848975  |a Architektur  |2 gnd 
689 4 2 |a z  |2 gnd  |a Geschichte 1740-1789 
689 4 |5 (DE-627) 
689 5 0 |d g  |0 (DE-588)4046948-7  |0 (DE-627)106196332  |0 (DE-576)209071575  |a Potsdam  |2 gnd 
689 5 1 |d s  |0 (DE-588)4002851-3  |0 (DE-627)104280352  |0 (DE-576)208848975  |a Architektur  |2 gnd 
689 5 2 |a z  |2 gnd  |a Geschichte 1744-1777 
689 5 |5 (DE-627) 
787 0 8 |i Rezensiert in  |a Bernau, Nikolaus, 1964 -   |t [Rezension von: Hans-Joachim Giersberg, Friedrich als Bauherr]  |d 2002  |w (DE-627)1920835660 
856 4 2 |u http://www.gbv.de/dms/hbz/toc/ht014814929.pdf  |m V:DE-605  |q pdf/application  |v 2008-11-15  |x Verlag  |y Inhaltsverzeichnis  |3 Inhaltsverzeichnis  |7 1 
856 4 2 |u https://swbplus.bsz-bw.de/bsz099843404rez.htm  |m V:DE-576  |v 2005-08-09  |3 Rezension  |7 1 
856 4 2 |u http://www.sehepunkte.de/2002/09/3038.html  |m V:DE-576;X:Sehepunkte  |q text/html  |v 20180423160616  |3 Rezension  |7 1 
935 |i Blocktest 
936 r v |a LK 16678  |b Architektur (einschließlich Grabbauten, Friedhöfe)  |k Kunstgeschichte  |k Kunst nach Ländern bzw. Kontinenten  |k Deutschland  |k Kunsttopografie Deutschlands  |k Orte Deutschlands  |k Orte B  |k Berlin  |k Kunstgeschichte  |k Architektur (einschließlich Grabbauten, Friedhöfe)  |0 (DE-627)1270883100  |0 (DE-625)rvk/97619:13309  |0 (DE-576)200883100 
936 r v |a LK 79290  |b 18. Jahrhundert  |k Kunstgeschichte  |k Kunst nach Ländern bzw. Kontinenten  |k Deutschland  |k Deutsche Kunstgeschichte nach Gattungen  |k Architektur  |k Architekturzeichnung  |k 18. Jahrhundert  |0 (DE-627)1271167646  |0 (DE-625)rvk/98248:  |0 (DE-576)201167646 
936 r v |a LK 79803  |b Neuzeit (-1800)  |k Kunstgeschichte  |k Kunst nach Ländern bzw. Kontinenten  |k Deutschland  |k Deutsche Kunstgeschichte nach Gattungen  |k Architektur  |k Ordnung nach Aufgaben  |k Residenz, Palast, Schloss  |k Neuzeit (-1800)  |0 (DE-627)127158915X  |0 (DE-625)rvk/98297:157  |0 (DE-576)20158915X 
936 r v |a LK 80825  |b Barock/Rokoko  |k Kunstgeschichte  |k Kunst nach Ländern bzw. Kontinenten  |k Deutschland  |k Deutsche Kunstgeschichte nach Gattungen  |k Architektur  |k Geschichte der deutschen Architektur nach Ländern und Landschaften  |k Länder (Verwaltungseinheiten)  |k Brandenburg  |k Barock/Rokoko  |0 (DE-627)1270920316  |0 (DE-625)rvk/98360:7  |0 (DE-576)200920316 
936 r v |a NN 6530  |b Darstellungen  |k Geschichte  |k Neuere Geschichte  |k Zeitalter des Absolutismus (1648 - 1789)  |k Geschichte von 1740 bis 1789  |k Reichsgeschichte  |k Friedrich <Preußen, König, II.>  |k Darstellungen  |0 (DE-627)1271467224  |0 (DE-625)rvk/127035:  |0 (DE-576)201467224 
936 r v |a ZH 4732  |b Barock, Rokoko  |k Technik  |k Architektur  |k Baugeschichte  |k Barock, Rokoko  |0 (DE-627)1271862433  |0 (DE-625)rvk/156154:  |0 (DE-576)201862433 
936 r v |a ZH 4917  |b Berlin  |k Technik  |k Architektur  |k Baugeschichte  |k Architektur nach Ländern  |k Europa  |k Mitteleuropa  |k Deutschland  |k Berlin  |0 (DE-627)1271513676  |0 (DE-625)rvk/156167:1568  |0 (DE-576)201513676 
951 |a BO 
990 |a Friedrich <II., Preußen, König>  
990 |a Architektur 
990 |a Berlin 
990 |a Architektur 
990 |a Geschichte 1740-1789 
990 |a Potsdam 
990 |a Architektur 
990 |a Geschichte 1744-1777 
990 |a Friedrich <II., Preußen, König>  
990 |a Architektur 
990 |a Berlin 
990 |a Architektur 
990 |a Geschichte 1740-1789 
990 |a Potsdam 
990 |a Architektur 
990 |a Geschichte 1744-1777 
991 |a Rezensiertes Werk 
999 |a KXP-PPN334389887  |e 4949245120